000
00483nam a2200181Ia 4500
008
090123s9999 xx 000 0 und d
082
_b
8058
_a
891.463/वाड
100
_a
वाड विजया
245
_a
अशरण
250
_a
1
260
_b
हेमचंद्र प्रकाशन
300
_a
162
600
_a
वाड विजया
630
_a
अशरण
700
_a
वाड विजया
730
_a
अशरण
942
_c
BOOK
999
_c
46124
_d
46124